<?xml version="1.0" encoding="UTF-8"?>
<marc:record xmlns:marc="http://www.loc.gov/MARC21/slim">
   <marc:leader>00000nam a2200000 a 4500</marc:leader>
   <marc:datafield ind1="1" ind2=" " tag="100">
      <marc:subfield code="a">Fforde, Jasper</marc:subfield>
      <marc:subfield code="4">aut</marc:subfield>
      <marc:subfield code="e">Verfasser/-in</marc:subfield>
   </marc:datafield>
   <marc:datafield ind1="1" ind2=" " tag="100">
      <marc:subfield code="a">Stern, Joachim</marc:subfield>
      <marc:subfield code="4">trl</marc:subfield>
      <marc:subfield code="e">Übersetzer/-in</marc:subfield>
   </marc:datafield>
   <marc:datafield ind1="0" ind2="0" tag="245">
      <marc:subfield code="a">Thursday Next</marc:subfield>
   </marc:datafield>
   <marc:datafield ind1="0" ind2="0" tag="245">
      <marc:subfield code="c">Jasper Fforde</marc:subfield>
   </marc:datafield>
   <marc:datafield ind1=" " ind2="1" tag="264">
      <marc:subfield code="a">München</marc:subfield>
      <marc:subfield code="b">Dt. Taschenbuch-Verl.</marc:subfield>
      <marc:subfield code="c">2013</marc:subfield>
   </marc:datafield>
   <marc:datafield ind1="1" ind2=" " tag="490">
      <marc:subfield code="a">dtv</marc:subfield>
      <marc:subfield code="v">21453</marc:subfield>
   </marc:datafield>
   <marc:datafield ind1=" " ind2=" " tag="250">
      <marc:subfield code="a">Ungekürzte Ausg.</marc:subfield>
   </marc:datafield>
   <marc:datafield ind1="1" ind2=" " tag="520">
      <marc:subfield code="a">Angaben aus der Verlagsmeldung

Wo ist Thursday Next? : Roman Fforde,Thursday Next One of our Thursdays is Missing / von Jasper Fforde

Panik in der BuchWelt: ein Krieg der Genres scheint bevorzustehen. Nur Thursday Next kann mit ihren speziellen diplomatischen F&amp;auml;higkeiten das Schlimmste verhindern. Doch kurz vor den Friedensgespr&amp;auml;chen verschwindet sie spurlos. Es ist nun an BuchThursday, der geschriebenen Version von Thursday Next, die bisher ein beschauliches Dasein in einem ruhigen Eckchen der Fantasy f&amp;uuml;hrte, die Lage zu retten. Tats&amp;auml;chlich kommt sie einer finsteren Verschw&amp;ouml;rung auf die Spur. Dann st&amp;uuml;rzt zu allem &amp;Uuml;berfluss ein eBook ab, die Tr&amp;uuml;mmer verunstalten die halbe BuchWelt. Schon werden die Metaphern knapp ...
</marc:subfield>
   </marc:datafield>
   <marc:datafield ind1=" " ind2=" " tag="020">
      <marc:subfield code="a">9783423214537</marc:subfield>
      <marc:subfield code="9">9783423214537</marc:subfield>
   </marc:datafield>
   <marc:datafield ind1=" " ind2=" " tag="020">
      <marc:subfield code="a">3423214538</marc:subfield>
      <marc:subfield code="9">3423214538</marc:subfield>
   </marc:datafield>
   <marc:datafield ind1=" " ind2=" " tag="041">
      <marc:subfield code="a">ger</marc:subfield>
   </marc:datafield>
   <marc:datafield ind1=" " ind2=" " tag="300">
      <marc:subfield code="a">396 S.</marc:subfield>
   </marc:datafield>
</marc:record>
